000
00200 a2200097 4500
001
35182
100
_a
A H M
245
_a
Meerat-ul-Aroous
260
_a
Lahore
_b
Feroz Sons
_c
090
_c
23326
_d
23326
942
_a
NUST-CAE
_c
M
_c
14810
999
_c
270255
_d
270255